000 01840nam a2200241Ia 4500
008 260220t2001||||xx |||||||||||||| ||spa||
040 _aPY-SlUNAC
_bspa
_erda
041 _aspa
082 _a423
_bC263d
100 _aCasanova, Elsa G.
_eAutor
245 0 _aDiccionario culinario mexicano bilingüe español-inglés ingredientes, utensilios, técnicas, bebidas y platillos típicos /
_cpor Elsa G. Casanova [Autor]
264 _aCiudad de México :
_bLimusa,
_c℗2001.
300 _a1 volumen
520 _aEl "Diccionario culinario mexicano bilingüe español-inglés" de Elsa G. Casanova es una obra exhaustiva que ofrece una referencia completa sobre la rica gastronomía de México. Este diccionario abarca una amplia variedad de términos relacionados con ingredientes, utensilios, técnicas culinarias, bebidas y platillos típicos, presentando definiciones claras y precisas en ambos idiomas. A través de un enfoque accesible, la autora no solo brinda información esencial para chefs y amantes de la cocina, sino que también promueve la apreciación de la diversidad cultural de la cocina mexicana. La obra se destaca por su utilidad didáctica, convirtiéndose en una herramienta valiosa para quienes buscan aprender sobre la gastronomía mexicana, tanto en términos de vocabulario como en la comprensión de las prácticas culinarias. Además, el formato bilingüe facilita el aprendizaje del español e inglés, contribuyendo a una mayor difusión de la cultura culinaria mexicana a nivel internacional. Es un recurso indispensable para estudiosos y practicantes de la cocina.
653 _aCocina
653 _aGastronomía
653 _aLengua
942 _b2026/02/17
_cBK
999 _c7278
_d7278